Un templo y un pueblo en busca de una identidad : unos murales para Palmares /
שמור ב:
| מחבר ראשי: | |
|---|---|
| פורמט: | לא ידוע |
| שפה: | Spanish |
| נושאים: | |
| תגים: |
הוספת תג
אין תגיות, היה/י הראשונ/ה לתייג את הרשומה!
|
MARC
| LEADER | 000000000a22000000004500 | ||
|---|---|---|---|
| 001 | 002149 | ||
| 041 | 0 | |a spa | |
| 100 | 1 | |a Blanco, Fabio | |
| 245 | 1 | 3 | |a Un templo y un pueblo en busca de una identidad : |b unos murales para Palmares / |c Fabio Blanco. |
| 650 | 4 | |a PALMARES (ALAJUELA, COSTA RICA) | |
| 650 | 4 | |a IGLESIA CATOLICA EN COSTA RICA | |
| 650 | 4 | |a ARTE CRISTIANO | |
| 773 | 0 | |x 1022-5498 |a San José, Costa Rica |t Revista Clásica |g volumen 4, número 26 (1996), páginas 9-13 | |
| 942 | |c ARC | ||
| 999 | |c 9773 |d 9773 | ||
